| 000 | 01161nmm a2200361 a 4500 | ||
|---|---|---|---|
| 003 | AR-BaBNM | ||
| 005 | 20251128205654.0 | ||
| 008 | 188019s1993 ||||||||||||||000 | spa|| | ||
| 020 | _a950-05-0745-5 | ||
| 040 | _cAR-BaBNM | ||
| 245 | 1 | 0 |
_aInka _barqueología, historia y urbanismo del altiplano andino |
| 260 |
_aBuenos Aires _bEdiciones Corregidor _c1993 |
||
| 300 | 0 |
_a318 p. _bil., láms., gráfs., mapas |
|
| 504 | _aAl final de cada trabajo se encuentra bibliografía para consultar | ||
| 650 | 4 | _aARQUEOLOGIA | |
| 650 | 4 | _aHISTORIA PROVINCIAL ARGENTINA | |
| 650 | 4 | _aANTROPOLOGIA | |
| 650 | 4 | _aEXCAVACIONES ARQUEOLOGICAS | |
| 650 | 4 | _aLUGARES DE INTERES ARQUEOLOGICO | |
| 650 | 4 | _aINTERPRETACION ARQUEOLOGICA | |
| 650 | 4 | _aOBJETOS ARQUEOLOGICOS | |
| 650 | 4 | _aTRABAJO ARQUEOLOGICO SOBRE EL TERRENO | |
| 650 | 4 | _aARTE PREHISTORICO | |
| 650 | 4 | _aHISTORIA LATINOAMERICANA | |
| 650 | 4 | _aANTROPOLOGIA CULTURAL Y SOCIAL | |
| 650 | 4 | _aPOBLACIONES ABORIGENES | |
| 650 | 4 | _aGRUPOS ETNICOS | |
| 650 | 4 | _aHISTORIA CULTURAL | |
| 651 | 4 | _aAmérica del Sur | |
| 700 | 1 |
_aRaffino, Rodolfo A. _edirector |
|
| 942 | _cBK | ||
| 998 | _cMariana | ||
| 999 |
_c12337 _d12337 |
||